000
00494nam a2200145Ia 4500
008
151213s9999 xx 000 0 und d
100
_a
অর্থার মিলার।
245
_a
সবাই আমার ছেলে।
_c
অর্থার মিলার।
260
_a
ঢাকা
_b
বাংলা একাডেমী।
_c
1996
300
_a
8790 p.
650
_a
Bangla
650
_a
উপন্যাস
700
_a
অর্থার মিলার।
999
_c
4575
_d
4575